Guess the country or US State by a Single Line - Statistics

General Stats
  • This quiz has been taken 7 times
  • The average score is 5 of 12
Answer Stats
Picture Answer % Correct
Chile
100%
Japan
100%
New Zealand
100%
United Kingdom
50%
Massachusetts
33%
New York
33%
Democratic Republic of the Congo
17%
Italy
17%
Maryland
17%
Philippines
17%
Ukraine
17%
West Virginia
17%
No matching quizzes found
Score Distribution
Percent of People with Each Score
Percentile by Number Answered
Your Score History
You have not taken this quiz